000 00533ntaaa2200193 4500
003 01
005 20251027202553.0
008 0714s1973 ag 01
040 _aAR-BaBN
_bspa
_cAR-BaBN
_eaacr
_dRIC
082 _a301.4270 G62
100 _aGoodman, David
_924800
245 _aWhat's best for your child - and you
250 _a1 ed.
260 _aNew York :
_bAssociation Press,
_cc1966
300 _axi, 192 p
500 _aLo mejor para su hijo y usted. Las relaciones entre padres e hijos.
650 _aniƱez
942 _cBK
999 _c20799
_d20799